strangers - ethel cain - Statistics

General Stats
  • This quiz has been taken 56 times
  • The average score is 400 of 443
Answer Stats
Answer % Correct
i
100%
(i
100%
in
100%
you
100%
your
100%
a
97%
am
97%
(am
97%
be
97%
do)
97%
"dont
97%
dont
97%
feel
97%
good
97%
good?)
97%
he
97%
here
97%
im
97%
love"
97%
love
97%
making
97%
no
97%
no)
97%
(no
97%
see
97%
sick
97%
sick?
97%
sick)
97%
sick?)
97%
so
97%
the
97%
to
97%
when
97%
(when
97%
and
94%
fall
94%
for
94%
handsome
94%
just
94%
me
94%
might
94%
mother
94%
my
94%
of
94%
or
94%
over
94%
strange
94%
talk
94%
told
94%
yours
94%
all
91%
back
91%
can
91%
it
91%
never
91%
now
91%
polaroid
91%
stomach
91%
strangers
91%
tell
91%
that
91%
then
91%
tried
91%
walking
91%
was
91%
youre
91%
cry
89%
funny
89%
if
89%
ill
89%
mama
89%
memory
89%
mouth
89%
mouth)
89%
myself
89%
restricted
89%
turning
89%
wait
89%
we
89%
with
89%
always
86%
considered
86%
evidence
86%
freezer
86%
get
86%
how
86%
know
86%
loving
86%
milk
86%
on
86%
sees
86%
she'll
86%
side
86%
sweet
86%
think
86%
tough
86%
up
86%
way
86%
who
86%
about
83%
basement
83%
blamed
83%
cold
83%
dairy
83%
devour
83%
far
83%
grow
83%
night
83%
(oh
83%
oh
83%
oh)
83%
there
83%
too
83%
wanted
83%
youll
83%
bride
80%
carton
80%
did
80%
divine
80%
hide
80%
like
80%
made
80%
real
80%
should
80%
thinking
80%
what
80%
again
77%
aisle
77%
at
77%
cause
77%
dixies
77%
eyes
77%
green
77%
sleep
77%
these
77%
apart
74%
bovine
74%
found
74%
hard
74%
make
74%
worry
74%
"god
71%
torn
71%
we'll
71%
were
71%
winn
71%
would
71%
bout
69%
happier
69%
wink
69%
but
63%
is
63%
smoked
63%
some
63%
still
63%
while
63%
delight
60%
attic
57%
have
57%
us
57%
better
49%
jesus
49%
place
49%
those
49%
christ"
46%
death
46%
euphoric
46%
find
46%
great
46%
lord
46%
also
43%
promise
43%
scriptures
43%
telling
43%
believe
40%
(yeah)
26%
No matching quizzes found
Score Distribution
Percent of People with Each Score
Percentile by Number Answered
Your Score History
You have not taken this quiz